=LDR 00000nam 2200000 4500 =001 INLIS000000000037380 =005 20200213062426 =035 ##$$a 0010-061300000037380 =008 200213################g##########0#ind## =041 ##$$a Ind =082 ##$$a 153.9 =090 ##$$a 153.9, Law i =100 ##$$a Lawlis, Frank =245 1#$$a The IQ answer : $b Meningkatkan dan memaksimalkan IQ anak /$c Frank Lawlis; Alih bahasa, Lina Yusuf =260 ##$$a Jakarta :$b PT. Gramedia Pustaka Utama,$c 2008 =300 ##$$a xviii, 288 hlm. ; $c 15 x 23 cm =650 #4$$a Intelegensi Anak =700 #$$a Yusuf, Lina =850 ##$$a NBPNMAT =020 ##$$a 978-979-22-3454-1 =084 ##$$a 153.9 LAW t =520 ##$$a Biografi : hlm. hlm. 287 =990 ##$$a 21104871/Pro/2011 =990 ##$$a 21104872/Pro/2011